000 00922nam0a2200289 4500
001 RU\NLR\BIBL_A\022112453
005 20250625124414.0
010 _94100
035 _a(NLR Aleph) 022112453
090 _a13319438
_c13319438
100 _a20240119d1933 |||y0rusy50 ca
101 0 _achv
102 _aRU
105 _ay z 000 y
181 0 _ai
_baxxe
182 0 _an
200 1 _aОкťтабěр револљуци хресченсене мěн пачě
_fЕ. Степанов
203 _aТекст
_bвизуальный
_cнепосредственный
210 _aШупашкар
_cЧăвашиздат
_d1933
215 _a82,[2] с.
_d18
541 1 _aЧто дала Октябрьская революция крестьянам
_zrus
686 1 _aТ3(2)711.19-43
700 1 _aСтепанов
_bЕ.
_4070
852 _aNLR
_bОНЛ
_jЧув./2-2250
942 _cBOOK
980 _aNB